000 01421 a2200205 4500
003 Nust
005 20230515130203.0
010 _a 90060538
020 _a0675211190
040 _cNust
082 0 0 _a001.165,SUB
100 1 _aSubbarao, Wunnava V.
_9112309
245 1 0 _a16/32 -Bit Microprocessors :
_b68000/68010/68020 software, hardware, and design applications /
_cWunnava V. Subbarao.
260 _aNew York :
_bMerrill,
_cc1991.
300 _axx, 454 p. :
_bill. ;
_c25 cm.
440 0 _aMerrill's international series in electrical and electronics technology
_9103325
505 _aThe 68000 Family of Microprocessors and Architecture (Page-1), The 68000 Memory Organization Schemes, Data Structure, and Addressing Modes (Page-19), The 68000 Instruction Set and Programming Considerations (Page-44), 68000 Software Considerations and Assembly Programming Applications (Page-87), 68000 Exception Processing Considerations (Page-121), 68000 Hardware Considerations and Design Applications (Page-148), The 68000 Parallel Interface and Applications (Page-180), The 68000 Serial Interface and Applications (Page-209), The 68000 interrupt and DMA interface and Applications (Page-236), 68010 and 68012 Architecture, Organization, and Applications (Page-278), 68020 and 68030 Architecture, Organization, and Applications (Page-306).
650 0 _aMotorola 68000 series microprocessors.
_9105873
942 _2ddc
_cBKB
999 _c176059
_d176059